01406nam a2200313 i 450000100060000000300090000600500170001500700030003200800410003502000180007608000120009424501140010626000350022030000280025549000280028350000550031150502920036665000310065870000280068970000280071770000270074570000380077270000270081070000290083783000510086685200340091799900170095195201240096818409ES-MaACL20250823100550.0t|011227m19721993sp ||||1| spa d a84-7090-085-4 a78(091)00aHistoria general de la música / cAlec Robertson... [et al. ; dirigido por Alec Robertson y Denis Stevens]. aMadrid : bIstmo, c1972-1993. a4 v. : bil. ; c18 cm.1 aFundamentos ; v5-7, 59 aIndice onomástico de la obra completa en vol. 4.8 aContiene: V. 1. Antiguas formas de polifonía / [traducción, María del Pilar Ganose] -- v. 2. Desde el Renacimiento hasta el Barroco / [traducción, Armando Ocano] -- v. 3. Desde el Clasicismo hasta el siglo XX / [traducción, Aníbal Froufe] -- v. 4. El siglo XX / Tomás Marco 4aMúsica-vHistoria9153911 aRobertson, Alec.9978461 aStevens, Denis.91081541 aMarco, Tomás.9764711 aGanose, María del Pilar.9538751 aOcano, Armando.9864521 aFroufe, Aníbal.95275800aFundamentos (Ediciones Istmo)v5-7, 599121682 aES-MaACLjC-42866-9 bR.82556 c18409d18409 00104070aATENEOMbATENEOMcDEPO2d2008-01-17eSCl0oC-42866-9p1018834r2023-02-23 00:00:00w2023-02-23yMONOGRAFIA